Statistics for Born in Arlington/Texas

Click here to take the quiz!

General Stats

  • This quiz has been taken 13 times
    (8 since last reset)
  • The average score is 6 of 10

Answer Stats

HintAnswer% Correct
Murder and kidnapping victim, the child abdution emergency alert is named after her1986Amber Hagerman
100%
Point guard who plays for the Detroit Pistons and was selected first overall in the 2021 NBA Draft2001Cade Cunningham
80%
Country music singer, "Black Like Me" "Boys" "Better Than You Left Me"1983Mickey Guyton
80%
Defensive end who plays for the Cleveland Browns and was selected first overall in the 2017 NFL Draft1995Myles Garrett
80%
Actress, known for her role as Harper Finkle in "Wizards of Waverly Place"1993Jennifer Stone
60%
Head coach of the Memphis Grizzlies1984Taylor Jenkins
60%
Ice hockey defenseman who plays for the Chicago Blackhawks1997Caleb Jones
40%
Actress, known for her role as Sophie Martinez in "Cory in the House"1998Madison Pettis
40%
Ice hockey defenseman who plays for the Chicago Blackhawks1994Seth Jones
40%
Actor, known for his roles as Carey Zepps in "The Good Wife" and Ollie Parker in "Mr. Robot"1986Ben Rappaport
20%

Score Distribution

Percentile by Number Answered

Percent of People with Each Score

Your Score History

You have not taken this quiz since the last reset